00256nam a22000977a 4500020001800000082001400018100001800032245005900050260004000109300000900149 a9787508537429 a895.14508 a Li, Chaoquan aMu Mengjie and his school for the blindc Li, Chaoquan aChinabIntercontinental Pressc2019 a193p